000 01593nam a2200289 a 4500
001 BD-DhSAU 1455
003 BD-DhSAU
005 20161107080246.0
008 150115s2010 enkab ob 001 0 eng
020 _a9780199566839 (hbk.)
020 _a0199566836 (hbk.)
040 _aBD-DhSAU
082 _a-
_b-
_222
100 1 _aFirn, Richard.
245 1 0 _aNature's chemicals
_h[online resource] :
_bthe natural products that shaped our world /
_cRichard Firn.
260 _aOxford ;
_aNew York :
_bOxford University Press,
_c2010.
300 _aix, 250 p. :
_bill., map ;
_c25 cm.
500 _aOxford scholarship online biology
504 _aIncludes bibliographical references (p. [219]-237) and index.
505 0 _aWhat are natural products? -- The importance of NPs in human affairs -- The main classes of NPs--only a few pathways lead to the majority of NPs -- Are NPs different from synthetic chemicals? -- Why do organisms make NPs? -- NPs, chemicals and the environment -- Natural products and the pharmaceutical industry -- The chemical interactions between organisms -- The evolution of metabolism -- The genetic modification of NP pathways--possible opportunities and possible pitfalls.
590 _aAnwar
650 0 _aNatural products.
650 0 _aBioactive compounds.
856 _uhttp://www.oxfordscholarship.com/view/10.1093/acprof:oso/9780199566839.001.0001/acprof-9780199566839?rskey=hzloLl&result=55
856 _uhttp://doi.org/10.1093/acprof:oso/9780199566839.001.0001
942 _2ddc
_cOnline book
999 _c1455
_d1455